000 00315nam a2200133 i 4500
001 bg
100 1 _aPLEWICKI, Andrzej
245 0 _aJęzyk programowania APL/360 /
_cAndrzej Plewicki.
260 _aWarszawa,
_c1977.
040 _cBPK
041 _apol
942 _cKS
008 s pl f |000 0 pol
999 _c17595
_d17595
856 _uhttp://koha.tu.koszalin.pl/cgi-bin/koha/opac-detail.pl?biblionumber=17595
_yKatalog online BPK